Quick Pick: Flag Names Quiz Stats

 Plays Quiz Updated Feb 24, 2018

Challenge
Share
Tweet
Embed
Score 0/16 Timer 01:30
3 Plays Today
% Correct
Canada
92.8%
United Kingdom
90.4%
United States of America
86.9%
Germany
76.1%
Japan
70.2%
Denmark
68.5%
Greece
57.2%
Finland
46.7%
% Correct
Portugal
43%
Spain
41.6%
Chile
39.1%
South Korea
36.4%
Brazil
31.5%
Guyana
27.9%
Thailand
22.5%
Taiwan
19.9%

Today's Daily Dose

You're not logged in!

Compare scores with friends on all Sporcle quizzes.
OR
Log In

You Might Also Like...

Show Comments

Extras

Top Quizzes Today


Score Distribution

Your Account Isn't Verified!

In order to create a playlist on Sporcle, you need to verify the email address you used during registration. Go to your Sporcle Settings to finish the process.

Report this User

Report this user for behavior that violates our Community Guidelines.

Details: